000
00243nam a2200097Ia 4500
008
230508s2010 xx 000 0 und d
041
_a
eng
100
_a
KALSI.H.S.
245
_a
ELECTRICAL INSTRUMENTATION
260
_b
TATA MCGRAW HILL EDU
_c
2010
999
_c
324493
_d
324493